000 00471nam a2200181Ia 4500
001 25254
005 20260414151137.0
008 260414t2016||||xx |||||||||||||| ||spa||
041 _aESP
082 _a346.42
_bM524
100 _aMcKendrick, Ewan
_eAUT
245 0 _aContract law, text, cases, and materials :
_btext, cases, and materials
260 _c2016
300 _axl :1057 páginas :
_c25 cm.
650 _aDER
654 _aCDE
942 _cLIB
_dJUS
_fJUS
_2ddc
_n
999 _c25254
_d25254